[Event "Kremnica op"]
[Site "Kremnica"]
[Date "2024.08.17"]
[Round "4"]
[White "Gorbenko, Rustem"]
[Black "Solcan, Martin"]
[Result "1/2-1/2"]
[WhiteElo "2198"]
[BlackElo "2242"]
[PlyCount "54"]
[EventDate "2024.08.15"]
[EventType "swiss"]
[EventRounds "7"]
[EventCountry "SVK"]
[SourceTitle "CBM 221 Extra"]
[Source "ChessBase"]
[SourceDate "2024.09.30"]
[SourceVersion "1"]
[SourceVersionDate "2024.09.30"]
[SourceQuality "1"]

1. e4 c5 2. Nf3 g6 3. c3 Bg7 4. d4 cxd4 5. cxd4 d5 6. e5 a6 7. h3 Nc6 8. Nc3 f6 9. Bf4 fxe5 10. Nxe5 Nxe5 11. Bxe5 Bxe5 12. dxe5 e6 13. Qd2 Ne7 14. Bd3 Nc6 15. 0-0 Nxe5 16. Rfe1 Nxd3 17. Qxd3 0-0 18. Qd4 Qf6 19. Re5 Qf4 20. Ne2 Qxd4 21. Nxd4 Kf7 22. Rae1 Re8 23. Nf3 Re7 24. R5e3 Bd7 25. Ne5+ Ke8 26. Ng4 Rf7 27. Ne5 Re7 1/2-1/2

[Event "Kremnica op"]
[Site "Kremnica"]
[Date "2024.08.16"]
[Round "2"]
[White "Gorbenko, Rustem"]
[Black "Havalda, Samuel"]
[Result "1-0"]
[WhiteElo "2198"]
[BlackElo "1863"]
[PlyCount "65"]
[EventDate "2024.08.15"]
[EventType "swiss"]
[EventRounds "7"]
[EventCountry "SVK"]
[SourceTitle "CBM 221 Extra"]
[Source "ChessBase"]
[SourceDate "2024.09.30"]
[SourceVersion "1"]
[SourceVersionDate "2024.09.30"]
[SourceQuality "1"]

1. d4 d5 2. c4 c6 3. Nc3 Nf6 4. Nf3 e6 5. e3 Nbd7 6. Qc2 Bd6 7. g4 dxc4 8. Bxc4 b5 9. Be2 Qc7 10. g5 Nd5 11. Bd2 Nxc3 12. Bxc3 Bb7 13. 0-0-0 b4 14. Bd2 c5 15. Rhg1 Rc8 16. Kb1 Qa5 17. Rc1 Ke7 18. Qd1 Be4+ 19. Ka1 Rc6 20. dxc5 Nxc5 21. Nd4 Rb6 22. Nb3 Nxb3+ 23. Qxb3 Bxh2 24. Rg4 Bd5 25. Bxb4+ Rxb4 26. Qxb4+ Qxb4 27. Rxb4 Bd6 28. Ra4 Ra8 29. e4 Bb7 30. Ba6 Rb8 31. Rc3 Bf4 32. Rb3 Rc8 33. Rxb7+ 1-0

[Event "SVK-ch U2300"]
[Site "Liptovsky Jan"]
[Date "2024.06.18"]
[Round "7"]
[White "Kopecny, Filip"]
[Black "Gorbenko, Rustem"]
[Result "0-1"]
[WhiteElo "2005"]
[BlackElo "2163"]
[PlyCount "76"]
[EventDate "2024.06.15"]
[EventType "swiss"]
[EventRounds "8"]
[EventCountry "SVK"]
[SourceTitle "CBM 220 Extra"]
[Source "ChessBase"]
[SourceDate "2024.07.31"]
[SourceVersion "1"]
[SourceVersionDate "2024.07.31"]
[SourceQuality "1"]

1. Nf3 Nf6 2. c4 e6 3. d4 b6 4. g3 Ba6 5. Qc2 Bb4+ 6. Bd2 Be7 7. Bg2 0-0 8. 0-0 c6 9. Bg5 d5 10. Nbd2 Nbd7 11. Rac1 h6 12. Bxf6 Nxf6 13. Rfe1 c5 14. e4 dxe4 15. Nxe4 cxd4 16. Red1 Rc8 17. Rxd4 Qc7 18. Rcd1 Nxe4 19. Rxe4 Rfd8 20. b3 b5 21. Ne5 Bd6 22. Nf3 bxc4 23. bxc4 Bxc4 24. Red4 Bd5 25. Qxc7 Bxc7 26. a3 Bb6 27. R4d3 Be4 28. Rxd8+ Rxd8 29. Rxd8+ Bxd8 30. Nd2 Bxg2 31. Kxg2 Kf8 32. Kf3 Bb6 33. Ke2 Ke7 34. f3 Kd6 35. Kd3 Kd5 36. Ne4 Bd4 37. g4 f5 38. Ng3 Be5 0-1

[Event "SVK-ch U2300"]
[Site "Liptovsky Jan"]
[Date "2024.06.15"]
[Round "1"]
[White "Subjakova, Kristina"]
[Black "Gorbenko, Rustem"]
[Result "0-1"]
[WhiteElo "1785"]
[BlackElo "2163"]
[PlyCount "36"]
[EventDate "2024.06.15"]
[EventType "swiss"]
[EventRounds "8"]
[EventCountry "SVK"]
[SourceTitle "CBM 220 Extra"]
[Source "ChessBase"]
[SourceDate "2024.07.31"]
[SourceVersion "1"]
[SourceVersionDate "2024.07.31"]
[SourceQuality "1"]

1. e4 e6 2. d4 d5 3. exd5 exd5 4. g3 Bd6 5. Bg2 Nf6 6. Bg5 c6 7. Nf3 0-0 8. 0-0 h6 9. Bc1 Bg4 10. Qd3 Re8 11. b3 Nbd7 12. c4 Ne4 13. Nfd2 Nxd2 14. Qxd2 dxc4 15. f3 Be6 16. b4 Qb6 17. Bb2 Bxb4 18. Nc3 Ne5 0-1